Use of Java in analysis of financial and insurance products

Gespeichert in:
Bibliographische Detailangaben
1. Verfasser: Simonka, Zsolt, 1974-
Format: Buchkapitel
Sprache:Slowakisch
Schlagworte:
Tags: Tag hinzufügen
Keine Tags, Fügen Sie das erste Tag hinzu!

MARC

LEADER 00000nla a2200000 4500
001 0208606
005 20240502073451.7
041 0 |a slo 
044 |a SK 
245 1 0 |a Use of Java in analysis of financial and insurance products  |c Zsolt Simonka 
500 |a Abstrakt 
610 2 0 |a matematika poistná 
610 2 0 |a matematika finančná 
610 2 0 |a metódy aktuárske 
610 2 0 |a aktuári 
610 2 0 |a softvér 
100 1 |a Simonka, Zsolt, 1974-